000 01350cam a2200337 a 4500
005 20260322212037.0
008 data
010 _a 2007274812
020 _a1598690779 (pbk.)
020 _a9781598690774 (pbk.)
040 _aBKL
_cBKL
_dDLC
_dYDXCP
_dGK8
_dBAKER
_dDLC
042 _alccopycat
043 _an-us---
050 0 0 _aHV8143
_b.B24 2007
082 0 0 _a363.2023/73
_222
092 _a363.2 Bag 2007
100 1 _aBagley, Paul D.
245 1 4 _aThe everything guide to careers in law enforcement :
_ba complete handbook to an exciting and rewarding life of service /
_cPaul D. Bagley.
246 3 0 _aCareers in law enforcement
246 3 0 _aLaw enforcement
260 _aAvon, Mass. :
_bAdams Media,
_cc2007.
300 _a288 p. ;
_c23 cm.
440 0 _aEverything series
504 _aIncludes bibliographical references (p. 282) and index.
650 0 _aLaw enforcement
_xVocational guidance
_zUnited States
_vHandbooks, manuals, etc.
856 4 1 _3Table of contents
_uhttp://www.loc.gov/catdir/toc/fy0801/2007274812.html
906 _a7
_bcbc
_ccopycat
_d2
_encip
_f20
_gy-gencatlg
925 0 _aacquire
_b2 shelf copies
_xpolicy default
955 _dsf12 2007-06-21
_esf04 2007-07-16 to Dewey
001 data
999 _c879
_d879